000 00667nam a2200181 i 4500
001 54916
003 ES-MaACL
005 20230906163040.0
007 t|
008 040128s1928 sp ||||1| spa d
245 0 0 _aGanadería española
_b: razas selectas /
_cpor la Excelentísima Asociación General de Ganaderos.
260 _aMadrid :
_bAsociación General de Ganaderos,
_c[1928?] (
_fHuelves y Compañía)
300 _a[15] h., [38] h. de lám. ;
_c24 cm.
500 _aTítulo de la cubierta: Razas españolas selectas.
710 2 _aAsociación General de Ganaderos (España)
_91713
740 0 _aRazas españolas selectas.
852 _aES-MaACL
_j1726-F-24
999 _c54916
_d54916